• 首页
  • 本馆介绍
  • 公告通知
  • 最新文献
  • 馆藏检索
  • 电子资源
  • 读者导购
  • 参考咨询
  • 我的图书馆
  • 登录
  • 详细信息显示
  • 放入我的书架
  • 预约/预借图书
  • 作者相关作品
  • 分类相关作品
  • 丛书相关作品
  • 出版社相关作品

书目信息

  • 表格格式
  • 工作单格式
  • 卡片格式
题名:
种向日葵
    
 
作者: 孙大容 著
分册:  
出版信息: 北京   中国青年出版社  1956
页数: 25页
开本: 19cm
丛书名: 青年农业知识小丛书
单 册:
中图分类: S565.5
科图分类:
主题词: 向日葵--栽培技术
电子资源:
ISBN: T16009.3
000 00686cam2 2200253 450
001 0105408762
005 20060825093217.0
010    @aT16009.3@dCNY0.07
091    @aT16009.3@dCNY0.07
100    @a19970609d1956 em y0chiy0110 ea
101 0  @achi
102    @aCN@b110000
105    @ay z 000yy
106    @ar
200 1  @a种向日葵@9Zhong;Chong Xiang Ri Kui @f孙大容著@b专著
210    @a北京@c中国青年出版社@d1956
215    @a25页@d19cm
225 2  @a青年农业知识小丛书
410  0 @12001 @a青年农业知识小丛书
606 0  @a向日葵@x栽培技术
690    @aS565.5@v3
701  0 @a孙大容@9sun da rong@4著
801  0 @aCN@bAiZhiMarc
905    @aBZT@dS565.5@e177@f3@sS565.5/177
    
    种向日葵/孙大容著.-北京:中国青年出版社,1956
    25页;19cm.-(青年农业知识小丛书)
    
    
    ISBN T16009.3:CNY0.07
    
●
相关链接 在五车中查询图书 在当当中查询图书 在豆瓣中查询图书


正题名:种向日葵     索取号:S565.5/177         预约/预借

序号 登录号 条形码 馆藏地/架位号 状态 备注
1 2000080020   2000080020   旧书回溯/ [索取号:S565.5/177] 在馆    
2 2000095226   2000095226   旧书回溯/ [索取号:S565.5/177] 在馆    
3 2000095227   2000095227   旧书回溯/ [索取号:S565.5/177] 在馆    
山东省滨州职业学院图书馆 欢迎您!
大连网信软件有限公司© 版权所有